000 00803nam a22001697a 4500
005 20170105102935.0
020 _a9694040086
040 _a0
082 _a954.91
_bSHO 2010
245 _aA Short History of Pakistan
_bbook One to Four
260 _aKarachi
_bUniversity of Karachi
_c2010
300 _a952
650 _aGeographical Factors in the History of Pakistan, Sources of Ancient History, Prehistory and Protohistory
650 _aThe Age and Culture of the Vedic Aryans, The Age of Compromise: Philosophical and Religious Development, The Achaemenian Age and Alexander's Invasion, The Maurya Age, Foreign invasions and the Age of Great Kushans
650 _aForeign invasions and the age of the great Kushanas, Kushana Shahis, Hun Shahis and the Age of the Imperial Guptas
942 _2ddc
_cBK
999 _c16220
_d16220